Самоупрочняющиеся износостойкие покрытия из хромованадиевого чугуна для деталей, работающих при повышенных температурах; Современные техника и технологии; Т. 2
| Parent link: | Современные техника и технологии: сборник трудов XVI Международной научно-практической конференции студентов, аспирантов и молодых ученых, Томск, 12-16 апреля 2010 г/ Национальный исследовательский Томский политехнический университет (ТПУ).— , 2010 Т. 2.— 2010.— [С. 136-138] |
|---|---|
| Autor principal: | |
| Altres autors: | , |
| Sumari: | Заглавие с титульного листа Электронная версия печатной публикации |
| Idioma: | rus |
| Publicat: |
2010
|
| Matèries: | |
| Accés en línia: | http://www.lib.tpu.ru/fulltext/c/2010/C01/V2/057.pdf |
| Format: | MixedMaterials Electrònic Capítol de llibre |
| KOHA link: | https://koha.lib.tpu.ru/cgi-bin/koha/opac-detail.pl?biblionumber=232753 |
MARC
| LEADER | 00000nla2a2200000 4500 | ||
|---|---|---|---|
| 001 | 232753 | ||
| 005 | 20231031203418.0 | ||
| 035 | |a (RuTPU)RU\TPU\book\253807 | ||
| 035 | |a RU\TPU\book\253805 | ||
| 090 | |a 232753 | ||
| 100 | |a 20130219d2010 k y0rusy50 ca | ||
| 101 | 0 | |a rus | |
| 102 | |a RU | ||
| 105 | |a y z 101zy | ||
| 135 | |a drnn ---uucaa | ||
| 181 | 0 | |a i | |
| 182 | 0 | |a b | |
| 200 | 1 | |a Самоупрочняющиеся износостойкие покрытия из хромованадиевого чугуна для деталей, работающих при повышенных температурах |b Электронный ресурс |f А. Д. Зинченко, Б. В. Дампилон |g науч. рук. Б. В. Дампилон | |
| 203 | |a Текст |c электронный | ||
| 215 | |a 1 файл (524 Кб) | ||
| 230 | |a Электронные текстовые данные (1 файл : 524 Кб) | ||
| 300 | |a Заглавие с титульного листа | ||
| 300 | |a Электронная версия печатной публикации | ||
| 337 | |a Adobe Reader | ||
| 461 | 0 | |0 (RuTPU)RU\TPU\book\245271 |t Современные техника и технологии |o сборник трудов XVI Международной научно-практической конференции студентов, аспирантов и молодых ученых, Томск, 12-16 апреля 2010 г |o в 3 т. |f Национальный исследовательский Томский политехнический университет (ТПУ) |d 2010 | |
| 463 | 0 | |0 (RuTPU)RU\TPU\book\250479 |t Т. 2 |v [С. 136-138] |d 2010 |p [426 с.] | |
| 610 | 1 | |a электронный ресурс | |
| 610 | 1 | |a труды учёных ТПУ | |
| 610 | 1 | |a износостойкие покрытия | |
| 610 | 1 | |a самоупрочнение | |
| 610 | 1 | |a чугун | |
| 610 | 1 | |a хромистый чугун | |
| 610 | 1 | |a ванадий | |
| 610 | 1 | |a детали машин | |
| 610 | 1 | |a повышенные температуры | |
| 610 | 1 | |a тепловое воздействие | |
| 610 | 1 | |a износостойкость | |
| 700 | 1 | |a Зинченко |b А. Д. | |
| 701 | 1 | |a Дампилон |b Б. В. |c специалист в области материаловедения |c доцент Томского политехнического университета, кандидат технических наук |f 1977- |g Баир Вячеславович |2 stltpush |3 (RuTPU)RU\TPU\pers\28241 | |
| 702 | 1 | |a Дампилон |b Б. В. |4 727 | |
| 801 | 1 | |a RU |b 63413507 |c 20130213 | |
| 801 | 2 | |a RU |b 63413507 |c 20130507 |g RCR | |
| 856 | 4 | |u http://www.lib.tpu.ru/fulltext/c/2010/C01/V2/057.pdf | |
| 942 | |c CF | ||